[Event "European Chess Club Cup 2023"]
[Site "Durres, Albania"]
[Date "2023.10.06"]
[Round "6.30"]
[White "Veinberg, Nimrod"]
[Black "Gurel, Ediz"]
[Result "0-1"]
[TimeControl "90' + 30' & 30\""]
[WhiteElo "2402"]
[BlackElo "2514"]

1. d4 {[%clk 01:30:58]} d5 {[%clk 01:30:44]} {[%emt 00:00:17]} 2. c4 {[%clk
01:31:17]} {[%emt 00:00:10]} c6 {[%clk 01:31:04]} {[%emt 00:00:11]} 3. cxd5
{[%clk 01:31:20]} {[%emt 00:00:27]} cxd5 {[%clk 01:31:28]} {[%emt 00:00:06]} 4.
Nc3 {[%clk 01:31:44]} {[%emt 00:00:06]} Nf6 {[%clk 01:31:28]} {[%emt 00:00:30]}
5. Bf4 {[%clk 01:32:03]} {[%emt 00:00:10]} Nc6 {[%clk 01:31:44]} {[%emt
00:00:14]} 6. e3 {[%clk 01:32:15]} {[%emt 00:00:19]} Bf5 {[%clk 01:31:40]}
{[%emt 00:00:34]} 7. Qb3 {[%clk 01:32:00]} {[%emt 00:00:45]} Na5 {[%clk
01:31:49]} {[%emt 00:00:21]} 8. Qa4+ {[%clk 01:32:19]} {[%emt 00:00:09]} Bd7
{[%clk 01:32:16]} {[%emt 00:00:05]} 9. Qc2 {[%clk 01:32:40]} {[%emt 00:00:09]}
Rc8 {[%clk 01:32:22]} {[%emt 00:00:24]} 10. Bd3 {[%clk 01:32:06]} {[%emt
00:01:04]} e6 {[%clk 01:32:14]} {[%emt 00:00:38]} 11. Nf3 {[%clk 01:32:13]}
{[%emt 00:00:23]} Bb4 {[%clk 01:32:07]} {[%emt 00:00:37]} 12. O-O {[%clk
01:30:59]} {[%emt 00:01:43]} Nh5 {[%clk 01:30:51]} {[%emt 00:01:47]} 13. Bg5
{[%clk 01:26:37]} {[%emt 00:04:53]} f6 {[%clk 01:30:39]} {[%emt 00:00:41]} 14.
Bxh7 {[%clk 01:02:36]} {[%emt 00:24:31]} Bxc3 {[%clk 01:25:10]} {[%emt
00:06:00]} 15. bxc3 {[%clk 00:56:52]} {[%emt 00:06:14]} fxg5 {[%clk 01:25:26]}
{[%emt 00:00:13]} 16. Qg6+ {[%clk 00:56:42]} {[%emt 00:00:40]} Kf8 {[%clk
01:25:50]} {[%emt 00:00:06]} 17. Qxh5 {[%clk 00:56:48]} {[%emt 00:00:24]} Be8
{[%clk 01:26:14]} {[%emt 00:00:06]} 18. Qg4 {[%clk 00:54:27]} {[%emt 00:02:52]}
Rxh7 {[%clk 01:26:38]} {[%emt 00:00:06]} 19. Nxg5 {[%clk 00:54:46]} {[%emt
00:00:10]} Rh6 {[%clk 01:27:05]} {[%emt 00:00:04]} 20. Nxe6+ {[%clk 00:54:56]}
{[%emt 00:00:19]} Rxe6 {[%clk 01:27:33]} {[%emt 00:00:02]} 21. Qxe6 {[%clk
00:55:16]} {[%emt 00:00:10]} Bf7 {[%clk 01:24:32]} {[%emt 00:03:32]} 22. Qg4
{[%clk 00:50:12]} {[%emt 00:05:33]} Nc4 {[%clk 01:16:28]} {[%emt 00:08:34]} 23.
Rfe1 {[%clk 00:43:14]} {[%emt 00:07:29]} Nd2 {[%clk 01:06:48]} {[%emt
00:10:09]} 24. Rac1 {[%clk 00:36:39]} {[%emt 00:07:05]} Ne4 {[%clk 01:00:00]}
{[%emt 00:07:18]} 25. c4 {[%clk 00:33:29]} {[%emt 00:03:40]} Nf6 {[%clk
00:59:54]} {[%emt 00:00:37]} 26. Qf3 {[%clk 00:33:46]} {[%emt 00:00:12]} Bh5
{[%clk 00:42:54]} {[%emt 00:17:30]} 27. Qf5 {[%clk 00:25:58]} {[%emt 00:08:18]}
dxc4 {[%clk 00:42:25]} {[%emt 00:00:59]} 28. e4 {[%clk 00:25:18]} {[%emt
00:01:10]} Qd7 {[%clk 00:37:59]} {[%emt 00:04:56]} 29. Qg5 {[%clk 00:20:56]}
{[%emt 00:04:53]} Qxd4 {[%clk 00:23:59]} {[%emt 00:14:30]} 30. e5 {[%clk
00:21:19]} {[%emt 00:00:06]} Rc5 {[%clk 00:24:09]} {[%emt 00:00:20]} 31. Qg3
{[%clk 00:21:43]} {[%emt 00:00:06]} Ne8 {[%clk 00:22:25]} {[%emt 00:02:14]} 32.
Qa3 {[%clk 00:15:00]} {[%emt 00:07:14]} Kg8 {[%clk 00:19:06]} {[%emt 00:03:49]}
33. Qxa7 {[%clk 00:14:46]} {[%emt 00:00:43]} b5 {[%clk 00:19:05]} {[%emt
00:00:31]} 34. h3 {[%clk 00:11:52]} {[%emt 00:03:25]} c3 {[%clk 00:15:26]}
{[%emt 00:04:08]} 35. a3 {[%clk 00:06:17]} {[%emt 00:06:06]} Qd5 {[%clk
00:13:22]} {[%emt 00:02:34]} 36. g4 {[%clk 00:06:23]} {[%emt 00:00:24]} Bg6
{[%clk 00:13:28]} {[%emt 00:00:23]} 37. a4 {[%clk 00:05:27]} {[%emt 00:01:27]}
c2 {[%clk 00:09:27]} {[%emt 00:04:31]} 38. axb5 {[%clk 00:05:51]} {[%emt
00:00:05]} Rxb5 {[%clk 00:09:37]} {[%emt 00:00:21]} 39. Qa4 {[%clk 00:05:50]}
{[%emt 00:00:30]} Rb3 {[%clk 00:08:33]} {[%emt 00:01:35]} 40. Kh2 {[%clk
00:03:53]} {[%emt 00:02:26]} Qf3 {[%clk 00:03:37]} {[%emt 00:05:25]} 41. Qc4+
{[%clk 00:28:20]} {[%emt 00:06:03]} Kh8 {[%clk 00:33:20]} {[%emt 00:00:49]} 42.
Qf1 {[%clk 00:27:59]} {[%emt 00:00:50]} Be4 {[%clk 00:33:24]} {[%emt 00:00:26]}
43. Re2 {[%clk 00:26:19]} {[%emt 00:02:10]} Rc3 {[%clk 00:32:49]} {[%emt
00:01:05]} 44. Rxe4 {[%clk 00:23:42]} {[%emt 00:03:07]} Qxe4 {[%clk 00:33:14]}
{[%emt 00:00:05]} 0-1

[Event "European Chess Club Cup 2023"]
[Site "Durres, Albania"]
[Date "2023.10.06"]
[Round "6.31"]
[White "Maksimovic, Bojan"]
[Black "Nihal, Sarin"]
[Result "0-1"]
[TimeControl "90' + 30' & 30\""]
[WhiteElo "2502"]
[BlackElo "2694"]

1. Nf3 {[%clk 01:30:55]} {[%emt 00:00:04]} d5 {[%clk 01:23:18]} {[%emt
00:07:42]} 2. e3 {[%clk 01:30:51]} {[%emt 00:00:33]} c5 {[%clk 01:20:49]}
{[%emt 00:03:00]} 3. b3 {[%clk 01:28:53]} {[%emt 00:02:29]} a6 {[%clk
01:14:49]} {[%emt 00:06:30]} 4. Bb2 {[%clk 01:23:42]} {[%emt 00:05:40]} Nc6
{[%clk 01:13:54]} {[%emt 00:01:26]} 5. d4 {[%clk 01:22:42]} {[%emt 00:01:28]}
Nf6 {[%clk 01:06:36]} {[%emt 00:07:49]} 6. Be2 {[%clk 01:13:51]} {[%emt
00:09:22]} cxd4 {[%clk 00:58:32]} {[%emt 00:08:34]} 7. Nxd4 {[%clk 01:10:56]}
{[%emt 00:03:24]} Qc7 {[%clk 00:46:33]} {[%emt 00:12:29]} 8. Nxc6 {[%clk
01:05:10]} {[%emt 00:06:16]} bxc6 {[%clk 00:45:24]} {[%emt 00:01:40]} 9. O-O
{[%clk 01:05:19]} {[%emt 00:00:19]} e6 {[%clk 00:45:52]} {[%emt 00:00:03]} 10.
c4 {[%clk 01:04:00]} {[%emt 00:01:49]} Bd6 {[%clk 00:46:09]} {[%emt 00:00:13]}
11. h3 {[%clk 01:01:56]} {[%emt 00:02:33]} O-O {[%clk 00:46:06]} {[%emt
00:00:35]} 12. Nc3 {[%clk 01:01:44]} {[%emt 00:00:41]} Bb7 {[%clk 00:43:49]}
{[%emt 00:02:47]} 13. Rc1 {[%clk 01:01:18]} {[%emt 00:00:54]} Qe7 {[%clk
00:43:15]} {[%emt 00:01:07]} 14. Qc2 {[%clk 00:50:51]} {[%emt 00:10:56]} Rac8
{[%clk 00:37:55]} {[%emt 00:05:50]} 15. Rfd1 {[%clk 00:50:27]} {[%emt
00:00:52]} Bb8 {[%clk 00:37:41]} {[%emt 00:00:47]} 16. Bf3 {[%clk 00:47:47]}
{[%emt 00:03:13]} e5 {[%clk 00:26:42]} {[%emt 00:11:26]} 17. e4 {[%clk
00:39:16]} {[%emt 00:09:00]} d4 {[%clk 00:26:10]} {[%emt 00:01:02]} 18. Na4
{[%clk 00:39:38]} {[%emt 00:00:09]} Rcd8 {[%clk 00:18:46]} {[%emt 00:07:54]} 19.
c5 {[%clk 00:39:12]} {[%emt 00:00:55]} Bc8 {[%clk 00:17:32]} {[%emt 00:01:45]}
20. Rb1 {[%clk 00:35:16]} {[%emt 00:04:25]} g5 {[%clk 00:16:52]} {[%emt
00:01:11]} 21. Nb6 {[%clk 00:31:57]} {[%emt 00:03:49]} Be6 {[%clk 00:17:05]}
{[%emt 00:00:17]} 22. Bc1 {[%clk 00:31:00]} {[%emt 00:01:26]} g4 {[%clk
00:13:46]} {[%emt 00:03:50]} 23. hxg4 {[%clk 00:27:27]} {[%emt 00:04:02]} Nxg4
{[%clk 00:14:12]} {[%emt 00:00:05]} 24. Bxg4 {[%clk 00:25:56]} {[%emt
00:02:01]} Bxg4 {[%clk 00:14:37]} {[%emt 00:00:05]} 25. f3 {[%clk 00:24:49]}
{[%emt 00:01:37]} Be6 {[%clk 00:14:52]} {[%emt 00:00:15]} 26. Bh6 {[%clk
00:24:38]} {[%emt 00:00:41]} Rfe8 {[%clk 00:15:18]} {[%emt 00:00:04]} 27. Qd2
{[%clk 00:19:18]} {[%emt 00:05:49]} Kh8 {[%clk 00:10:54]} {[%emt 00:04:55]} 28.
Bg5 {[%clk 00:15:52]} {[%emt 00:03:55]} f6 {[%clk 00:11:16]} {[%emt 00:00:08]}
29. Bh4 {[%clk 00:16:18]} {[%emt 00:00:04]} Rg8 {[%clk 00:11:43]} {[%emt
00:00:04]} 30. Kf2 {[%clk 00:13:38]} {[%emt 00:03:09]} Rdf8 {[%clk 00:10:24]}
{[%emt 00:01:49]} 31. b4 {[%clk 00:07:26]} {[%emt 00:06:42]} Qg7 {[%clk
00:09:51]} {[%emt 00:01:04]} 32. g3 {[%clk 00:04:57]} {[%emt 00:02:59]} f5
{[%clk 00:09:03]} {[%emt 00:01:17]} 33. Re1 {[%clk 00:05:16]} {[%emt 00:00:11]}
Bc7 {[%clk 00:07:35]} {[%emt 00:01:59]} 34. Ke2 {[%clk 00:00:52]} {[%emt
00:04:54]} fxe4 {[%clk 00:07:20]} {[%emt 00:00:45]} 35. fxe4 {[%clk 00:01:17]}
{[%emt 00:00:04]} Bg4+ {[%clk 00:04:32]} {[%emt 00:03:18]} 36. Kd3 {[%clk
00:01:39]} {[%emt 00:00:08]} Rf3+ {[%clk 00:04:58]} {[%emt 00:00:04]} 37. Kc2
{[%clk 00:02:01]} {[%emt 00:00:08]} Qf7 {[%clk 00:05:25]} {[%emt 00:00:04]} 38.
Kc1 {[%clk 00:01:26]} {[%emt 00:01:05]} Bxb6 {[%clk 00:04:19]} {[%emt
00:01:36]} 39. cxb6 {[%clk 00:01:48]} {[%emt 00:00:08]} Qc4+ {[%clk 00:04:45]}
{[%emt 00:00:04]} 0-1

[Event "European Chess Club Cup 2023"]
[Site "Durres, Albania"]
[Date "2023.10.06"]
[Round "6.32"]
[White "Volokitin, Andrei"]
[Black "Stankovic, Milos"]
[Result "1-0"]
[TimeControl "90' + 30' & 30\""]
[WhiteElo "2664"]
[BlackElo "2464"]

1. e4 {[%clk 01:30:57]} {[%emt 00:00:01]} c5 {[%clk 01:30:47]} {[%emt
00:00:13]} 2. Nf3 {[%clk 01:31:19]} {[%emt 00:00:09]} d6 {[%clk 01:30:45]}
{[%emt 00:00:32]} 3. Nc3 {[%clk 01:31:24]} {[%emt 00:00:25]} Nf6 {[%clk
01:30:43]} {[%emt 00:00:31]} 4. d4 {[%clk 01:31:38]} {[%emt 00:00:16]} cxd4
{[%clk 01:30:44]} {[%emt 00:00:30]} 5. Nxd4 {[%clk 01:31:56]} {[%emt 00:00:12]}
Bd7 {[%clk 01:29:46]} {[%emt 00:01:27]} 6. f3 {[%clk 01:31:46]} {[%emt
00:00:41]} e5 {[%clk 01:22:07]} {[%emt 00:08:09]} 7. Nb3 {[%clk 01:32:06]}
{[%emt 00:00:09]} Be7 {[%clk 01:21:49]} {[%emt 00:00:49]} 8. Be3 {[%clk
01:32:28]} {[%emt 00:00:08]} O-O {[%clk 01:21:50]} {[%emt 00:00:28]} 9. Qd2
{[%clk 01:32:47]} {[%emt 00:00:12]} a5 {[%clk 01:21:50]} {[%emt 00:00:29]} 10.
a4 {[%clk 01:33:04]} {[%emt 00:00:13]} Na6 {[%clk 01:21:49]} {[%emt 00:00:30]}
11. O-O-O {[%clk 01:33:26]} {[%emt 00:00:10]} Nc7 {[%clk 01:21:35]} {[%emt
00:00:43]} 12. Bb6 {[%clk 01:31:42]} {[%emt 00:02:15]} Qb8 {[%clk 01:21:39]}
{[%emt 00:00:25]} 13. Kb1 {[%clk 01:32:02]} {[%emt 00:00:11]} Bc6 {[%clk
01:20:43]} {[%emt 00:01:26]} 14. Bd3 {[%clk 01:32:16]} {[%emt 00:00:16]} Kh8
{[%clk 01:20:42]} {[%emt 00:00:31]} 15. Bc4 {[%clk 01:17:13]} {[%emt 00:15:33]}
Nd7 {[%clk 01:12:10]} {[%emt 00:09:00]} 16. Bxc7 {[%clk 01:14:55]} {[%emt
00:02:50]} Qxc7 {[%clk 01:06:49]} {[%emt 00:05:50]} 17. Nb5 {[%clk 01:14:41]}
{[%emt 00:00:45]} Qb6 {[%clk 00:54:46]} {[%emt 00:12:32]} 18. Nxd6 {[%clk
00:52:48]} {[%emt 00:22:23]} Bxd6 {[%clk 00:50:50]} {[%emt 00:04:26]} 19. Qxd6
{[%clk 00:53:14]} {[%emt 00:00:05]} Bxa4 {[%clk 00:49:48]} {[%emt 00:01:31]} 20.
Qxb6 {[%clk 00:35:51]} {[%emt 00:17:54]} Nxb6 {[%clk 00:46:32]} {[%emt
00:03:45]} 21. Bd5 {[%clk 00:36:15]} {[%emt 00:00:06]} Bc6 {[%clk 00:34:02]}
{[%emt 00:13:01]} 22. Bxc6 {[%clk 00:33:44]} {[%emt 00:03:01]} bxc6 {[%clk
00:34:08]} {[%emt 00:00:24]} 23. Nc5 {[%clk 00:33:45]} {[%emt 00:00:29]} Nc4
{[%clk 00:20:11]} {[%emt 00:14:27]} 24. b3 {[%clk 00:30:39]} {[%emt 00:03:36]}
Ne3 {[%clk 00:15:45]} {[%emt 00:04:56]} 25. Rd2 {[%clk 00:30:37]} {[%emt
00:00:31]} Rfd8 {[%clk 00:15:49]} {[%emt 00:00:26]} 26. Re2 {[%clk 00:29:12]}
{[%emt 00:01:56]} Nd1 {[%clk 00:15:43]} {[%emt 00:00:37]} 27. Na4 {[%clk
00:29:21]} {[%emt 00:00:20]} Rd4 {[%clk 00:15:43]} {[%emt 00:00:29]} 28. Kc1
{[%clk 00:29:44]} {[%emt 00:00:07]} Rad8 {[%clk 00:14:46]} {[%emt 00:01:28]} 29.
Rf1 {[%clk 00:28:26]} {[%emt 00:01:48]} g5 {[%clk 00:12:43]} {[%emt 00:02:33]}
30. Ree1 {[%clk 00:28:33]} {[%emt 00:00:23]} Rxa4 {[%clk 00:11:46]} {[%emt
00:01:27]} 31. bxa4 {[%clk 00:29:01]} {[%emt 00:00:02]} Nc3 {[%clk 00:12:07]}
{[%emt 00:00:09]} 32. Re3 {[%clk 00:29:25]} {[%emt 00:00:05]} Nxa4 {[%clk
00:12:29]} {[%emt 00:00:08]} 33. Ra3 {[%clk 00:29:46]} {[%emt 00:00:09]} Nb6
{[%clk 00:11:36]} {[%emt 00:01:23]} 34. Rd1 {[%clk 00:29:37]} {[%emt 00:00:40]}
1-0

[Event "European Chess Club Cup 2023"]
[Site "Durres, Albania"]
[Date "2023.10.06"]
[Round "6.33"]
[White "Gagunashvili, Merab"]
[Black "Erdos, Viktor"]
[Result "1/2-1/2"]
[TimeControl "90' + 30' & 30\""]
[WhiteElo "2550"]
[BlackElo "2559"]

1. d4 {[%clk 01:30:55]} {[%emt 00:00:04]} Nf6 {[%clk 01:30:14]} {[%emt
00:00:46]} 2. c4 {[%clk 01:31:20]} {[%emt 00:00:05]} g6 {[%clk 01:30:40]}
{[%emt 00:00:05]} 3. g3 {[%clk 01:31:37]} {[%emt 00:00:13]} c6 {[%clk
01:31:04]} {[%emt 00:00:06]} 4. Bg2 {[%clk 01:31:56]} {[%emt 00:00:10]} d5
{[%clk 01:31:28]} {[%emt 00:00:06]} 5. cxd5 {[%clk 01:32:15]} {[%emt 00:00:12]}
cxd5 {[%clk 01:31:51]} {[%emt 00:00:06]} 6. Nc3 {[%clk 01:32:30]} {[%emt
00:00:15]} Bg7 {[%clk 01:32:14]} {[%emt 00:00:07]} 7. Nf3 {[%clk 01:32:51]}
{[%emt 00:00:09]} O-O {[%clk 01:32:08]} {[%emt 00:00:36]} 8. O-O {[%clk
01:32:15]} {[%emt 00:01:06]} Ne4 {[%clk 01:31:46]} {[%emt 00:00:53]} 9. Qb3
{[%clk 01:29:06]} {[%emt 00:03:39]} Nc6 {[%clk 01:23:11]} {[%emt 00:09:04]} 10.
Bf4 {[%clk 01:24:22]} {[%emt 00:05:14]} Nxc3 {[%clk 01:11:01]} {[%emt
00:12:40]} 11. bxc3 {[%clk 01:12:17]} {[%emt 00:12:35]} Na5 {[%clk 01:09:05]}
{[%emt 00:02:26]} 12. Qb4 {[%clk 01:12:42]} {[%emt 00:00:06]} b6 {[%clk
01:08:55]} {[%emt 00:00:40]} 13. Nd2 {[%clk 01:12:30]} {[%emt 00:00:42]} Bb7
{[%clk 01:07:44]} {[%emt 00:01:41]} 14. Nb3 {[%clk 01:04:43]} {[%emt 00:08:16]}
Nc4 {[%clk 01:05:14]} {[%emt 00:03:00]} 15. Nd2 {[%clk 01:03:50]} {[%emt
00:01:24]} Na5 {[%clk 00:59:00]} {[%emt 00:06:44]} 16. Nb3 {[%clk 01:02:39]}
{[%emt 00:01:41]} Nc4 {[%clk 00:59:25]} {[%emt 00:00:04]} 17. Nd2 {[%clk
01:02:42]} {[%emt 00:00:28]} Na5 {[%clk 00:53:17]} {[%emt 00:06:37]} 18. Nb3
{[%emt 00:02:15]} 1/2-1/2

[Event "European Chess Club Cup 2023"]
[Site "Durres, Albania"]
[Date "2023.10.06"]
[Round "6.34"]
[White "Brkic, Ante"]
[Black "Krstulovic, Alex"]
[Result "1-0"]
[TimeControl "90' + 30' & 30\""]
[WhiteElo "2606"]
[BlackElo "2433"]

1. e4 {[%clk 01:30:57]} {[%emt 00:00:01]} e6 {[%clk 01:30:46]} {[%emt
00:00:14]} 2. d4 {[%clk 01:31:18]} {[%emt 00:00:09]} d5 {[%clk 01:31:12]}
{[%emt 00:00:05]} 3. Nc3 {[%clk 01:31:44]} {[%emt 00:00:05]} Bb4 {[%clk
01:31:38]} {[%emt 00:00:03]} 4. e5 {[%clk 01:31:16]} {[%emt 00:00:58]} c5
{[%clk 01:31:57]} {[%emt 00:00:11]} 5. a3 {[%clk 01:31:41]} {[%emt 00:00:05]}
Ba5 {[%clk 01:31:53]} {[%emt 00:00:34]} 6. b4 {[%clk 01:28:25]} {[%emt
00:03:46]} cxd4 {[%clk 01:32:09]} {[%emt 00:00:14]} 7. Nb5 {[%clk 01:23:09]}
{[%emt 00:05:46]} Bc7 {[%clk 01:31:37]} {[%emt 00:01:01]} 8. f4 {[%clk
01:23:03]} {[%emt 00:00:37]} Bd7 {[%clk 01:31:18]} {[%emt 00:00:49]} 9. Nxc7+
{[%clk 01:05:05]} {[%emt 00:18:29]} Qxc7 {[%clk 01:31:39]} {[%emt 00:00:08]} 10.
Bb2 {[%clk 01:05:24]} {[%emt 00:00:11]} Ne7 {[%clk 01:31:50]} {[%emt 00:00:19]}
11. Nf3 {[%clk 01:04:19]} {[%emt 00:01:34]} Nbc6 {[%clk 01:30:21]} {[%emt
00:01:59]} 12. Bd3 {[%clk 01:02:51]} {[%emt 00:01:58]} Nf5 {[%clk 01:30:40]}
{[%emt 00:00:12]} 13. Qd2 {[%clk 01:00:45]} {[%emt 00:02:36]} a6 {[%clk
01:15:58]} {[%emt 00:15:12]} 14. Bxf5 {[%clk 00:38:34]} {[%emt 00:22:42]} exf5
{[%clk 01:16:04]} {[%emt 00:00:24]} 15. Bxd4 {[%clk 00:39:02]} {[%emt
00:00:01]} Nd8 {[%clk 01:05:37]} {[%emt 00:10:57]} 16. O-O {[%clk 00:22:40]}
{[%emt 00:16:52]} Ne6 {[%clk 01:05:25]} {[%emt 00:00:42]} 17. Rf2 {[%clk
00:20:58]} {[%emt 00:02:12]} Rc8 {[%clk 01:01:25]} {[%emt 00:04:29]} 18. Re1
{[%clk 00:20:37]} {[%emt 00:00:51]} h5 {[%clk 00:59:12]} {[%emt 00:02:44]} 19.
Re3 {[%clk 00:17:49]} {[%emt 00:03:18]} Qd8 {[%clk 00:54:05]} {[%emt 00:05:37]}
20. Ng5 {[%clk 00:09:14]} {[%emt 00:09:06]} b6 {[%clk 00:20:59]} {[%emt
00:33:35]} 21. Rg3 {[%clk 00:08:36]} {[%emt 00:01:08]} g6 {[%clk 00:20:18]}
{[%emt 00:01:11]} 22. Nxe6 {[%clk 00:08:10]} {[%emt 00:00:56]} Bxe6 {[%clk
00:20:45]} {[%emt 00:00:02]} 23. Rc3 {[%clk 00:07:50]} {[%emt 00:00:51]} Rxc3
{[%clk 00:15:15]} 24. Qxc3 {[%clk 00:08:18]} {[%emt 00:06:03]} Kd7 {[%clk
00:10:52]} {[%emt 00:04:51]} 25. Qd3 {[%clk 00:08:19]} {[%emt 00:00:30]} b5
{[%clk 00:11:21]} {[%emt 00:00:02]} 26. a4 {[%clk 00:08:04]} {[%emt 00:00:45]}
Qb8 {[%clk 00:10:45]} {[%emt 00:01:05]} 27. c3 {[%clk 00:08:15]} {[%emt
00:00:18]} Rc8 {[%clk 00:09:51]} {[%emt 00:01:24]} 28. axb5 {[%clk 00:06:59]}
{[%emt 00:01:47]} Qxb5 {[%clk 00:10:05]} {[%emt 00:00:15]} 29. Qxb5+ {[%clk
00:07:20]} {[%emt 00:00:10]} axb5 {[%clk 00:10:30]} {[%emt 00:00:05]} 30. Ra2
{[%clk 00:07:47]} {[%emt 00:00:03]} Kc7 {[%clk 00:06:09]} {[%emt 00:04:51]} 31.
Kf2 {[%clk 00:06:26]} {[%emt 00:01:52]} h4 {[%clk 00:03:38]} {[%emt 00:03:01]}
32. Ra7+ {[%clk 00:05:49]} {[%emt 00:01:06]} Kb8 {[%clk 00:03:45]} {[%emt
00:00:23]} 33. Ra6 {[%clk 00:06:09]} {[%emt 00:00:10]} Kc7 {[%clk 00:01:28]}
{[%emt 00:02:48]} 34. Bc5 {[%clk 00:05:37]} {[%emt 00:01:01]} Bd7 {[%clk
00:00:34]} {[%emt 00:01:24]} 35. Ra7+ {[%clk 00:05:42]} {[%emt 00:00:25]} Kc6
{[%clk 00:00:47]} {[%emt 00:00:17]} 36. h3 {[%clk 00:02:33]} {[%emt 00:03:40]}
Re8 {[%clk 00:00:32]} {[%emt 00:00:44]} 37. Ra6+ {[%clk 00:01:15]} {[%emt
00:01:48]} Kc7 {[%clk 00:00:32]} {[%emt 00:00:30]} 38. Ra7+ {[%clk 00:01:41]}
{[%emt 00:00:04]} Kc6 {[%clk 00:00:50]} {[%emt 00:00:11]} 39. g3 {[%clk
00:01:10]} {[%emt 00:01:02]} Rh8 {[%clk 00:00:32]} {[%emt 00:00:48]} 40. Ra6+
{[%clk 00:00:48]} {[%emt 00:00:52]} Kc7 {[%clk 00:00:33]} {[%emt 00:00:29]} 41.
Ra7+ {[%clk 00:01:02]} {[%emt 00:00:17]} Kc6 {[%clk 00:00:41]} {[%emt
00:00:21]} 42. Bd4 {[%clk 00:16:59]} {[%emt 00:14:33]} hxg3+ {[%clk 00:25:41]}
{[%emt 00:05:30]} 43. Kxg3 {[%clk 00:17:27]} {[%emt 00:00:02]} Rh7 {[%clk
00:19:11]} {[%emt 00:07:01]} 44. h4 {[%clk 00:13:33]} {[%emt 00:04:23]} Be6
{[%clk 00:14:51]} {[%emt 00:04:49]} 45. Ra8 {[%clk 00:13:47]} {[%emt 00:00:16]}
Kc7 {[%clk 00:10:21]} {[%emt 00:05:00]} 46. Rf8 {[%clk 00:09:32]} {[%emt
00:04:46]} Kc6 {[%clk 00:09:45]} {[%emt 00:01:06]} 47. Bc5 {[%clk 00:09:23]}
{[%emt 00:00:38]} d4 {[%clk 00:09:40]} {[%emt 00:00:36]} 48. cxd4 {[%clk
00:07:14]} {[%emt 00:02:39]} Kd5 {[%clk 00:10:04]} {[%emt 00:00:06]} 49. Rd8+
{[%clk 00:07:05]} {[%emt 00:00:39]} Kc4 {[%clk 00:10:16]} {[%emt 00:00:18]} 50.
Be7 {[%clk 00:06:21]} {[%emt 00:01:14]} Bd5 {[%clk 00:10:41]} {[%emt 00:00:04]}
51. Bf6 {[%clk 00:05:43]} {[%emt 00:01:09]} Be6 {[%clk 00:09:17]} {[%emt
00:01:54]} 52. Kf2 {[%clk 00:05:43]} {[%emt 00:00:30]} Kxb4 {[%clk 00:09:41]}
{[%emt 00:00:05]} 53. d5 {[%clk 00:05:58]} {[%emt 00:00:16]} Kc4 {[%clk
00:10:07]} {[%emt 00:00:04]} 54. dxe6 {[%clk 00:03:22]} {[%emt 00:03:06]} fxe6
{[%clk 00:10:35]} {[%emt 00:00:02]} 55. Rd6 {[%clk 00:03:36]} {[%emt 00:00:16]}
1-0

[Event "European Chess Club Cup 2023"]
[Site "Durres, Albania"]
[Date "2023.10.06"]
[Round "6.35"]
[White "Pezelj, Novak"]
[Black "Markus, Robert"]
[Result "1/2-1/2"]
[TimeControl "90' + 30' & 30\""]
[WhiteElo "2476"]
[BlackElo "2578"]

1. e4 {[%clk 01:30:51]} {[%emt 00:00:08]} e6 {[%clk 01:30:52]} {[%emt
00:00:09]} 2. d4 {[%clk 01:30:58]} {[%emt 00:00:22]} d5 {[%clk 01:31:15]}
{[%emt 00:00:08]} 3. Bd3 {[%clk 01:30:18]} {[%emt 00:01:09]} dxe4 {[%clk
01:29:42]} {[%emt 00:02:03]} 4. Bxe4 {[%clk 01:30:41]} {[%emt 00:00:07]} Nf6
{[%clk 01:30:07]} {[%emt 00:00:05]} 5. Bf3 {[%clk 01:29:57]} {[%emt 00:01:14]}
Nbd7 {[%clk 01:27:08]} {[%emt 00:03:29]} 6. Nc3 {[%clk 01:27:27]} {[%emt
00:02:59]} Bb4 {[%clk 01:24:13]} {[%emt 00:03:26]} 7. Nge2 {[%clk 01:26:35]}
{[%emt 00:01:21]} O-O {[%clk 01:22:46]} {[%emt 00:01:58]} 8. O-O {[%clk
01:23:55]} {[%emt 00:03:10]} e5 {[%clk 01:21:19]} {[%emt 00:01:58]} 9. Bg5
{[%clk 01:13:54]} {[%emt 00:10:31]} Re8 {[%clk 01:17:29]} {[%emt 00:04:19]} 10.
Nd5 {[%clk 01:00:22]} {[%emt 00:14:02]} Bd6 {[%clk 01:17:12]} {[%emt 00:00:47]}
11. Nec3 {[%clk 00:57:18]} {[%emt 00:03:34]} h6 {[%clk 01:15:34]} {[%emt
00:02:08]} 12. Nxf6+ {[%clk 00:48:07]} {[%emt 00:09:41]} Nxf6 {[%clk 01:10:40]}
{[%emt 00:05:24]} 13. Bxf6 {[%clk 00:48:24]} {[%emt 00:00:13]} Qxf6 {[%clk
01:10:59]} {[%emt 00:00:12]} 14. Ne4 {[%clk 00:48:01]} {[%emt 00:00:52]} Qd8
{[%clk 01:03:04]} {[%emt 00:08:25]} 15. Nxd6 {[%clk 00:46:40]} {[%emt
00:01:52]} Qxd6 {[%clk 01:03:28]} {[%emt 00:00:06]} 16. dxe5 {[%clk 00:46:53]}
{[%emt 00:00:17]} Qxe5 {[%clk 01:03:52]} {[%emt 00:00:05]} 17. Re1 {[%clk
00:46:23]} {[%emt 00:01:00]} Qxe1+ {[%clk 01:04:16]} {[%emt 00:00:07]} 18. Qxe1
{[%clk 00:46:49]} {[%emt 00:00:03]} Rxe1+ {[%clk 01:04:40]} {[%emt 00:00:06]}
19. Rxe1 {[%clk 00:47:15]} {[%emt 00:00:05]} Be6 {[%clk 01:04:00]} {[%emt
00:01:10]} 20. b3 {[%clk 00:45:02]} {[%emt 00:02:43]} c6 {[%clk 01:03:44]}
{[%emt 00:00:46]} 21. Kf1 {[%clk 00:44:21]} {[%emt 00:01:10]} Kf8 {[%clk
01:03:48]} {[%emt 00:00:26]} 22. Ke2 {[%clk 00:44:22]} {[%emt 00:00:29]} Rd8
{[%clk 01:04:01]} {[%emt 00:00:18]} 23. Rd1 {[%clk 00:44:33]} {[%emt 00:00:19]}
Rxd1 {[%clk 01:04:26]} {[%emt 00:00:05]} 24. Kxd1 {[%clk 00:44:59]} {[%emt
00:00:04]} Ke7 {[%clk 01:04:51]} {[%emt 00:00:05]} 25. Kd2 {[%clk 00:44:58]}
{[%emt 00:00:31]} Kd6 {[%clk 01:05:15]} {[%emt 00:00:06]} 26. g3 {[%clk
00:45:12]} {[%emt 00:00:15]} a5 {[%clk 01:05:34]} {[%emt 00:00:12]} 27. a3
{[%clk 00:45:15]} {[%emt 00:00:26]} b6 {[%clk 01:05:56]} {[%emt 00:00:08]} 28.
b4 {[%clk 00:45:22]} {[%emt 00:00:23]} axb4 {[%clk 01:06:21]} {[%emt 00:00:05]}
29. axb4 {[%clk 00:45:49]} {[%emt 00:00:04]} c5 {[%clk 01:06:44]} {[%emt
00:00:06]} 30. bxc5+ {[%clk 00:46:08]} {[%emt 00:00:11]} bxc5 {[%clk 01:07:10]}
{[%emt 00:00:04]} 31. Ke3 {[%clk 00:46:18]} {[%emt 00:00:20]} Ke5 {[%emt
00:00:14]} 1/2-1/2